000
00322nam a2200133 a 4500
005
20140414093835.0
008
030611s19uu xx 00 eng d
050
_a
CDR 513.26
_b
FRA 1997
245
_a
Fractions.
650
_a
Fractions
_x
Interactive videos.
650
_a
Mathematics.
942
_c
AVM
999
_c
108981
_d
108981